1950 1695 1080 1538 1850 1670 1723 1470 1150 1842 1091 1264 1718 1641 1800 1520 1513 1490 1831 1242 1148 1701 1562 1089 1179 1026 1009 1384 1459 1882 1179 1008 1616 1286 1525 1127 1441 1545 1999 1715 1566 1448 1032 1304 1857 1750 1587 1728 1255 1650 1543 1455 1605 1986 1635 1782 1441 1777 1062 1965 1266 1956 1472 1055 1698 1508 1483 1223 1963 1692 1909 1798 1703 1823 1654 1684 1502 1773 1322 1701 1534 1260 1172 1104 1693 1732 1269 1951 1103 1736 1561 1678 1059 1036 1279 1401 1947 1831 1145 BCNSPRNW ULIB Ver.6.0+V

เปลี่ยนเป็นภาษาไทย

Change to English
 แสดงรายละเอียดบรรณานุกรม
  กลับหน้าหลัก

Brief Record : Get Marc (ISO 2709) : E-mail record : QR code < ปิดหน้าต่าง
LEADER : 00000nam 2200000uu 4500
001    13399114017
003     ULIB
008    120110s||||||||th 000 0 tha d
099    วจ.W21.5^bศ736ศ
100 0  ศุภาพิชญ์(มณีสาคร) โฟนโบร์แมนน์
245 00 สถานการณ์กำลังคนด้านสุขภาพจิต และ จิตเวช นอกสังกัดกรมสุขภาพจิต กระทรวงสาธารณสุข พ.ศ.2552/^cศุภาพิชญ์(มณีสาคร) โฟนโบร์แมนน์ ,วรรณวิไล ภู่ตระกูลและ นิรนาท วิทยโชคกิติคุณ
260    นนทบุรี :^bสถาบันพระบรมราชชนก,^c2553
300    52 หน้า :^bตาราง
500    รายงานการวิจัย
650  7 บุคลากรด้านสุขภาพจิต^xวิจัย
700 02 วรรณวิไล ภู่ตระกูล
700 02 นิรนาท วิทยโชคกิติคุณ
710    สถาบันพระบรมราชชนก
945    ^p0^l0^i030981
945    ^p0^l0^i030982
995    ทศพร
999 ^a ทศพร
รายการนี้ยังไม่มีแท็ก
คุณยังไม่ได้ล็อกอิน คุณสามารถมีกิจกรรมร่วมกับเว็บไซต์ได้ แต่ต้องล็อกอินก่อน ::
  ล็อกอิน

รายการสื่อสารสนเทศ

ลำดับที่ ประเภท เลขเรียก/บาร์โค้ด สถานที่ สถานะ
1. งานวิจัย
งานวิจัย
วจ.W21.5 ศ736ศ ฉ.1 
  Barcode: 030981
ห้องสมุดวิทยาเขตสวรรค์ประชารักษ์
►วิจัย
บนชั้น
2. งานวิจัย
งานวิจัย
วจ.W21.5 ศ736ศ ฉ.2 
  Barcode: 030982
ห้องสมุดวิทยาเขตสวรรค์ประชารักษ์
►วิจัย
บนชั้น

BibComment


ยังไม่เคยถูกคอมเมนท์

คอมเมนท์ทรัพยากรรายการนี้
  คอมเมนท์: สถานการณ์กำลังคนด..


 Copyright 2026. Bcnsprnw @Library